Hukuk devleti ve Velidedeoğlu (Record no. 1517)
[ view plain ]
| 000 -BAŞLIK | |
|---|---|
| Sabit Uzunlukta Kontrol Alanı | 00742na a2200241 4500 |
| 001 - KONTROL NUMARASI | |
| Denetim Alanı | 15042 |
| 003 - KONTROL NUMARASI IDENTIFIER | |
| Denetim Alanı | MIRAKIL |
| 005 - SON İŞLEM TARİHİ VE ZAMANI | |
| Denetim Alanı | 20181213154825.0 |
| 008 - SABİT-BOY VERİ ELEMANLARI - GENEL BİLGİLER | |
| Sabit Uzunlukta Kontrol Alanı | 161025b tu 000 0 |
| 035 ## - SİSTEM KONTROL NUMARASI | |
| Sistem Kontrol Numarası | 15042 |
| 040 ## - KATALOGLAMA KAYNAK | |
| Orijinal Kataloglama Ajansı | Milas |
| Kataloglama Dili | tur |
| Metne Dönüştürmek Ajansı | TR-AnCHP |
| 041 ## - DİL KODU | |
| Metin / Ses Parça Veya Ayrı Başlığın Dil Kodu | tur |
| 082 ## - DEWEY ONLU SINIFLANDIRMA NUMARASI | |
| Sınıflandırma Numarası | 923.43 Velidedeoğlu,H.V. 1985 |
| Ürün Numarası | H84 |
| 090 ## - SINIFLAMA NUMARASI | |
| Sınıflama Numarası | 923.43 Velidedeoğlu,H.V. H94 1985 |
| 245 ## - BAŞLIK TABLOSU | |
| Başlık | Hukuk devleti ve Velidedeoğlu |
| Sorumluluk Tablosu, Vb | Türk Hukuk Kurumu |
| 260 ## - YAYIN, DAĞITIM, VB | |
| Yayın, Dağıtım, Vb Yeri | İstanbul |
| Yayıncı, Dağıtıcı, Vs Adı | Çağdaş yayınları |
| Yayın, Dağıtım, Vb Tarihi | 1985 |
| 300 ## - FİZİKSEL TANIM | |
| Kapsam | 156 s. |
| Boyutlar | 19 sm. |
| 490 ## - SERİSİ TABLOSU | |
| Seri Beyanı | Çağdaş yayınları |
| Hacim / Ardışık Tanımı | 38 |
| 600 ## - KONU KATMA GİRİŞ - KURUMSAL ADI | |
| Kişisel Ad | Velidedeoğlu, Hıfzı Veldet |
| Bir Adıyla İlişkilendirilen Tarihler | 1904 - 1992 |
| Genel Alt Bölümü | Armağan kitaplar |
| 650 ## - KONU KATMA GİRİŞ - TOPİKAL DÖNEM | |
| Topikal Süreli Veya Coğrafi Ad Giriş Elemanı | Hukukçular |
| Coğrafi Alt Bölümü | Türkiye |
| 650 ## - KONU KATMA GİRİŞ - TOPİKAL DÖNEM | |
| Topikal Süreli Veya Coğrafi Ad Giriş Elemanı | Hukuk |
| Kronolojik Alt Bölümü | Armağan kitaplar |
| Coğrafi Alt Bölümü | Türkiye |
| 942 ## - EKLENDİ GİRİŞ ELEMANLARI (KOHA) | |
| Sınıflandırma Veya Raf Düzeni Kaynak | Dewey Decimal Classification |
| Koha Öğesi Türü | Books |
| 999 ## - SİSTEM KONTROL NUMARALARI (KOHA) | |
| Koha Biblionumber | 1517 |
| Koha Biblioitemnumber | 1517 |
| Kalıcı Konum | Mevcut Konum | Edinme Tarihi | Edinim Kaynak | Toplam Check-Out'Lar | Tam Çağrı Numarası | Barkod | Tarih Son Görülme | İtibaren Geçerli Fiyatlar | Koha Öğesi Türü | Kopya Sayısı |
|---|---|---|---|---|---|---|---|---|---|---|
| CHP Kütüphanesi | CHP Kütüphanesi | 09/03/2016 | Bağış | 923.43 Velidedeoğlu,H.V. H94 1985 | 002862 | 09/03/2016 | 09/03/2016 | Books | ||
| CHP Kütüphanesi | CHP Kütüphanesi | 02/13/2017 | Bağış | 923.43 Velidedeoğlu,H.V. H94 1985 | 012413 | 02/13/2017 | 02/13/2017 | Books | k.2 |
